000 00569nam a2200169 a 4500
001 000016566
005 20250116163337.0
008 100308s2000 dr r 000 0 spa d
040 _aDO-SdBNP
_bspa
_cBNPHU
082 _axxxx
_bR426p
110 1 _aRepública Dominicana.
_bSecretaría de Estado de Educación y Cultura
_918697
245 1 0 _aProgramas de impacto 1996-2000.
260 _aSanto Domingo :
_bSecretaría de Estado de Educación y Cultura,
_c2000.
300 _a98 p. ;
_c29 cm.
490 1 _aGestión Educativa
_v18
830 0 _aGestión Educativa
_n18
_936831
999 _c16099
_d16099